000 00925nam a2200241 a 4500
001 000032968
005 20200930065937.0
008 110804s1972 dr ag 001 0 spa d
040 _aDO-SdBNP
_bspa
_cBNPHU
082 _a782.42163
_bG216c
100 1 _aGarcía, Juan Francisco
_956020
245 1 0 _aCanciones dominicanas /
_cJuan Francisco García.
260 _aSanto Domingo :
_bUniversidad Autónoma de Santo Domingo,
_c1972.
300 _a166 p. :
_bil., música ;
_c27 cm.
490 1 _aPublicaciones de la Universidad Autónoma de Santo Domingo
_v155
590 _aInventariado, 2018/LP
650 4 _aMúsica popular dominicana
_92541
650 4 _aMúsica y canciones
_958651
650 4 _aCanciones dominicanas
_xTextos
_958653
650 4 _aMúsica dominicana
_vPARTITURAS
_958654
830 0 _aPublicaciones de la Universidad Autónoma de Santo Domingo ;
_n155
_954380
910 _aValidado. Control de calidad EMS
999 _c32459
_d32459